000 00720nam a2200217 a 4500
001 000024073
005 20200930022708.0
008 110118s1961 enkac r 000 0 spa d
040 _aDO-SdBNP
_bspa
_cBNPHU
041 1 7 _aeng
_hfre
_2Código de idiomas MARC
082 _annnn
_bB156d
100 1 _aBailhache, Jean,
_949460
245 1 0 _aDenmark /
_cJean Bailhache ; traducción de Patricia Champness.
260 _aLondres :
_bVista Books,
_c1961.
300 _a191, [1] p. :
_bil., retrs. ;
_c18 cm.
490 1 _aVista books
_v10
504 _aIncluye referencias bibliográficas y notas al pie de las páginas.
700 1 _aChampness, Patricia,
_etr.
_949461
830 0 _aVista books ;
_v10
_949462
049 _aBNGR
999 _c23568
_d23568